000 00400nam a2200133Ia 4500
005 20260328101527.0
008 260328s9999||||xx |||||||||||||| ||und||
100 _aSánchez Lampreave, Ricardo
245 0 _aLas Otras Grandes vías :
_b Miradas a su tiempo /
_cRicardo Sánchez Lampreave
260 _bMinisterio de Vivienda / Gobierno de España
300 _a285 p.
650 _aEUROPA
942 _cBK
999 _c9808
_d9808